MVP de l'Euroleague - Statistiques

Statistiques générales
  • Ce quiz a été pris 190 fois
  • Le résultat moyen est 7 sur 19
Statistiques - réponses
Année Nationalité Club Réponse % Correct
2023-2024 Etats-Unis Monaco Mike James
99%
2017-2018 Slovénie Real Madrid Luka Dončić
76%
2015-2016 France CSKA Moscou Nando de Colo
74%
2022-2023 Bulgarie Olympiacos Aleksandar Vezenkov
58%
2020-2021 Serbie Anadolu Efes Vasilije Micić
49%
2021-2022 Espagne FC Barcelone Nikola Mirotić
45%
2012-2013 Grèce Olympiacos Vassilis Spanoulis
44%
2016-2017 Espagne Real Madrid Sergio Llull
36%
2013-2014 Espagne Real Madrid Sergio Rodríguez
35%
2018-2019 République Tcheque Fenerbahçe Beko Jan Veselý
31%
2008-2009 Espagne FC Barcelone Juan Carlos Navarro
23%
2009-2010 Serbie Olympiacos Miloš Teodosić
21%
2004-2005 Etats unis Tel Aviv Anthony Parker
18%
2005-2006 Etats Unis Tel Aviv Anthony Parker
18%
2010-2011 Grèce Panathinaikos Dimitris Diamantidis
18%
2011-2012 Russie CSKA Moscou Andrei Kirilenko
17%
2006-2007 Grèce CSKA Moscou Theo Papaloukas
9%
2014-2015 Serbie Fenerbahçe Ülker Nemanja Bjelica
8%
2007-2008 Lituanie CSKA Moscou Ramūnas Šiškauskas
5%
Aucun quiz correspondant
Distribution des résultats
% des personnes avec chaque résultat
Percentile par nombre de réponses
Votre historique - résultats
Vous n’avez pas pris ce quiz